Herbert Marcuse : (Record no. 113316)

MARC details
000 -LEADER
campo de control de longitud fija 00602nam a2200193 4500
001 - NÚMERO DE CONTROL
campo de control 113316
003 - IDENTIFICADOR DE NÚMERO DE CONTROL
campo de control ES-MaACL
005 - FECHA Y HORA DE LA ÚLTIMA TRANSACCIÓN
campo de control 20240308153456.0
007 - CAMPO FIJO DE DESCRIPCIÓN FÍSICA--INFORMACIÓN GENERAL
campo de control de longitud fija t|
008 - DATOS DE LONGITUD FIJA--INFORMACIÓN GENERAL
campo de control de longitud fija 061121s1972 sp r ||||1| spa d
080 ## - NÚMERO DE LA CLASIFICACIÓN DECIMAL UNIVERSAL
Número de la Clasificación Decimal Universal 1 Marcuse, Herbert
100 1# - ENTRADA PRINCIPAL--NOMBRE DE PERSONA
Nombre de persona Nin de Cardona, José María.
9 (RLIN) 85749
245 10 - MENCIÓN DEL TÍTULO
Título Herbert Marcuse :
Resto del título (en torno de su pensamiento social, jurídico y político) /
Mención de responsabilidad, etc. José María Nin de Cardona.
260 ## - PUBLICACIÓN, DISTRIBUCIÓN, ETC.
Lugar de publicación, distribución, etc. Madrid :
Nombre del editor, distribuidor, etc. Reus,
Fecha de publicación, distribución, etc. 1972.
300 ## - DESCRIPCIÓN FÍSICA
Extensión 288 p. ;
Dimensiones 22 cm.
600 04 - PUNTO DE ACCESO ADICIONAL DE MATERIA--NOMBRE DE PERSONA
Nombre de persona Marcuse, Herbert,
Fechas asociadas al nombre 1898-1979
9 (RLIN) 76559
852 ## - LOCALIZACIÓN
Ubicación ES-MaACL
Número de control de estantería C-45099
Holdings
Estatus retirado Estado de pérdida Estado de daño No para préstamo Biblioteca de origen Biblioteca actual Ubicación en estantería Fecha de adquisición Fuente de adquisición Total de préstamos Signatura topográfica completa Código de barras Visto por última vez Precio de reemplazo Tipo de ítem Koha
        Biblioteca del Ateneo de Madrid Biblioteca del Ateneo de Madrid Depósito 2 17/01/2008     C-45099 1118191 23/02/2023 23/02/2023 Libro impreso